Регионална библиотека "Любен Каравелов" - Русе

FESTGABE zum Goethejahr 1932 (Запис номер 343499)

MARC детайли
000 -Лидер
Контролно поле с фиксирана дължина 01083nam a2200301 c 4500
003 - Код на организацията, давaща контролен номер
Контролно поле BLK
005 - Дата и час на последна редакция
Контролно поле 20191002112923.0
008 - Елементи от данни с фиксирана дължина
fixed length control field 180911b bul|||||r ||||||| ||bul||
010 ## - Наследен системен номер
LC control number 003160
040 ## - Източник на каталожния запис
Идентификатор на билиотеката - собственик на записа BLK
041 ## - Код за език
Код за езика на текст/звукозапис или на отделно заглавие Немски
Код за езика КДБФ Български
080 ## - УДК
Текстов определител УДК Гьоте, Йохан
УДК определител 92
УДК - код + определител 830.09830(092)73/76(430)92
100 1# - Редна дума - Автор
Авторска отговорност първи автор
R(LIN) 398027
245 10 - Сведения за заглавието
Заглавие FESTGABE zum Goethejahr 1932
246 ## - Различни форми на заглавието
Подзаглавни данни FESTGABE zum Goethejahr 1932
260 ## - Област на издателските данни
Място на издаване, разпространение и проч. Halle
Име на издателя, разпространителя и проч. Max Niemeyer
Година на издаване 1932
300 ## - Физическа характеристика
Страници LII, 88 с
Илюстрации и др. с ил.
Размери/Мащаб 25 см
380 ## - Жанр
Жанр Литературознание
490 ## - СЕРИИ (Колекции)
Име на серия Freies Dt. Hochstift
490 ## - СЕРИИ (Колекции)
Име на серия Частна колекция - Академик Михаил Арнаудов
Бележки за серията Дарение - Основен фонд
500 ## - Общи забележки
Забележка Рекламна обява за издание на Wilhelm Bohm от 1933 г., посветено на Фауст;
520 ## - Забележка за наличие на резюме, анотация и т.н
Анотация, рецензия, сканиран текст Михаил Арнаудов: негови-изрезка
650 ## - Допълнително описание по предмет – тема
Основно описание – тема или топоним Биографии
9 (RLIN) 148657
650 ## - Допълнително описание по предмет – тема
Основно описание – тема или топоним Писатели
9 (RLIN) 166332
655 ## - Ключова дума – жанр/разновидност
Данни за жанр/разновидност или ключова дума за фокус Литературознание
852 ## - Местоположение
Форматна сигнатура МА 1264
999 ## - СИСТЕМНИ КОНТРОЛНИ НОМЕРА
Koha biblionumber 343499
Koha biblioitemnumber 343499
942 ## - АРТИКУЛИ
Вид на библиотечния материал Книги
Скрит в OPAC Не
Периодичен библиозапис Да
944 ## - СЪЗДАВАНЕ И РЕДАКЦИЯ на ЗАПИСА
Създаване/Редакция Създаване
Дата на регистрацията/редакция 1996
Служител, извършил регистрацията/редакцията ValK
999 ## - СИСТЕМНИ КОНТРОЛНИ НОМЕРА
Koha biblioitemnumber 343499
Наличности
Код за отписване Код за изгубен артикул Източник на класификационната схема Код за повреда Коз за рестрикции Код за отдаване Артикулен № Име на библиотеката - собственик Име на библиотеката, в която се намира в момента Статус (Текущо местоположение) Местоположение - отдел Цена в лева Номерация (Хронология) Инвентарен номер Систематично азбучна сигнатура Баркод Номер на екземпляра Цена в евро Служебен тип на артикула
  Не е изгубен Universal Decimal Classification Не е повреден без рестрикции Специални фондове ( старопечатни, редки и ценни, фонд М. Арнаудов) 743694 Регионална библиотека "Любен Каравелов" Русе Регионална библиотека "Любен Каравелов" Русе Фонд "Михаил Арнаудов" Фонд "Михаил Арнаудов" 20.00   588123 МА 1264 120000588123 1 10.23 Книги
Vip Innovations Ltd, Rousse, Bulgaria 2025